• AIU
  • Tony Wilmot Memorial Library

Special edition using Microsoft Windows XP home edition / (Record no. 58835)

MARC details
000 -LEADER
fixed length control field 01112cam a22003134a 4500
001 - CONTROL NUMBER
control field 12848350
003 - CONTROL NUMBER IDENTIFIER
control field OSt
005 - DATE AND TIME OF LATEST TRANSACTION
control field 20140317163621.0
008 - FIXED-LENGTH DATA ELEMENTS--GENERAL INFORMATION
fixed length control field 020710s2003 inua 001 0 eng
010 ## - LIBRARY OF CONGRESS CONTROL NUMBER
LC control number 2002109714
020 ## - INTERNATIONAL STANDARD BOOK NUMBER
International Standard Book Number 0789728516
040 ## - CATALOGING SOURCE
Original cataloging agency DLC
Transcribing agency DLC
Modifying agency DLC
042 ## - AUTHENTICATION CODE
Authentication code pcc
050 00 - LIBRARY OF CONGRESS CALL NUMBER
Classification number QA76.76.O63
Item number C68337 2003
082 00 - DEWEY DECIMAL CLASSIFICATION NUMBER
Classification number 005.4/469
Edition number 21
100 1# - MAIN ENTRY--PERSONAL NAME
Personal name Cowart, Robert.
9 (RLIN) 26044
245 10 - TITLE STATEMENT
Title Special edition using Microsoft Windows XP home edition /
Statement of responsibility, etc Robert Cowart, Brian Knittel.
246 3# - VARYING FORM OF TITLE
Title proper/short title Microsoft Windows XP home edition
250 ## - EDITION STATEMENT
Edition statement Bestseller ed.
260 ## - PUBLICATION, DISTRIBUTION, ETC. (IMPRINT)
Place of publication, distribution, etc Indianapolis, Ind. :
Name of publisher, distributor, etc Que,
Date of publication, distribution, etc c2003.
300 ## - PHYSICAL DESCRIPTION
Extent xxiii, 1028 p. :
Other physical details ill. ;
Dimensions 23 cm. +
Accompanying material 1 CD-ROM (4 3/4 in.)
500 ## - GENERAL NOTE
General note Includes index.
630 00 - SUBJECT ADDED ENTRY--UNIFORM TITLE
Uniform title Microsoft Windows (Computer file)
9 (RLIN) 25540
650 #0 - SUBJECT ADDED ENTRY--TOPICAL TERM
Topical term or geographic name as entry element Operating systems (Computers)
9 (RLIN) 26045
700 1# - ADDED ENTRY--PERSONAL NAME
Personal name Knittel, Brian.
9 (RLIN) 26046
906 ## - LOCAL DATA ELEMENT F, LDF (RLIN)
a 7
b cbc
c orignew
d 2
e epcn
f 20
g y-gencatlg
942 ## - ADDED ENTRY ELEMENTS (KOHA)
Source of classification or shelving scheme Library of Congress Classification
Koha item type Books
Holdings
Withdrawn status Lost status Source of classification or shelving scheme Damaged status Not for loan Collection code Home library Current library Shelving location Date acquired Source of acquisition Cost, normal purchase price Total Checkouts Full call number Barcode Date last seen Copy number Price effective from Koha item type
    Library of Congress Classification     General Circulation AIU/NEGST - Tony Wilmot Memorial Library AIU/NEGST - Tony Wilmot Memorial Library General Stacks 03/17/2014 Donation 50.00   QA 76.76.O63 C68337 2003 R28122N3232 09/26/2019 1 03/17/2014 Books